000 00393nam a2200181Ia 4500
005 20240823054837.0
008 240823s9999||||xx |||||||||||||| ||und||
041 _aENGLISH
082 _A823
100 _aDaniel Defoe
245 0 _aRobinson Crusoe
250 _a1st
260 _bVasans Publica
500 _aTRANSFERED
650 _aEnglish
_bEnglish
942 _cBK
999 _c227413
_d227413